| 000 | 00528nam a2200193 i 4500 | ||
|---|---|---|---|
| 001 | 60825 | ||
| 003 | ES-MaACL | ||
| 005 | 20230906164319.0 | ||
| 007 | t| | ||
| 008 | 031107s1962 sp ||||1| cat d | ||
| 100 | 1 |
_aEstrade, Miguel. _948235 |
|
| 245 | 1 | 0 |
_aPels camins d l'Envangeli / _cMiguel Estrade. |
| 260 |
_aBarcelona : _bEstela, _c[1962] |
||
| 300 |
_a229 p. ; _c22 cm. |
||
| 490 | 1 |
_aEspiritualidad ; _v12 |
|
| 830 | 0 |
_aEspiritualidad ; _v12 _9182730 |
|
| 852 |
_aES-MaACL _jC-24193 _bR.51219 |
||
| 999 |
_c60825 _d60825 |
||